00713nam a2200181 a 4500001001000000003000900010005001700019008004100036040002500077082002000102100003700122245011700159260004500276300003600321504003100357650005900388651008400447000021901DO-SdBNP20250617130649.0100914s19uu dr ac 001 0 spa d aDO-SdBNPbspacBNPHU a972.9302bR696p1 aRodríguez, Luis Arzeno,b1922-10aPrimicias de América en Santo Domingo :bV centenario del descubrimiento 1492-1992 /cLuis Arzeno Rodríguez. aSanto Domingo :bDel Nordeste,c[19--?]. a170 p. :bil., retrs. ;c21 cm. aBibliografía: p.169-170. 4aSanto domingo (república dominicana)xHistoria local 0aRepública Dominicana --xHistoria -- yDescubrimiento y conquista, 1492-1503